MARC

LEADER 00000nam0a2200000 4500
001 273755
005 20231101234648.0
035 |a (RuTPU)RU\TPU\book\296965 
090 |a 273755 
100 |a 20141029d1982 k y0rusy50 ca 
101 0 |a rus 
102 |a UA 
105 |a a z 001zy 
200 1 |a Археомагнитные вариации геомагнитного поля юго-запада СССР  |f Г. Ф. Загний, О. М. Русаков  |g Академия наук Украинской ССР (АН УССР), Институт геофизики (ИГФ) 
210 |a Киев  |c Наукова думка  |d 1982 
215 |a 127 с.  |c ил. 
320 |a Библиогр.: с. 114-122. 
606 1 |a Геофизика  |2 stltpush  |3 (RuTPU)RU\TPU\subj\38590  |9 59017 
610 1 |a геомагнитные поля 
610 1 |a СССР 
610 1 |a археомагнитные данные 
610 1 |a археомагнитные исследования 
610 1 |a обожженные глины 
610 1 |a намагниченность 
610 1 |a происхождение 
675 |a 550.38  |v 3 
700 1 |a Загний  |b Г. Ф.  |g Григорий Федорович 
701 1 |a Русаков  |b О. М.  |g Олег Максимович 
712 0 2 |a Академия наук Украинской ССР (АН УССР)  |b Институт геофизики (ИГФ)  |c (Киев)  |2 stltpush  |3 (RuTPU)RU\TPU\col\13865 
801 1 |a RU  |b 63413507  |c 20141029 
801 2 |a RU  |b 63413507  |c 20160201  |g RCR 
942 |c BK